<?xml version="1.0" encoding="UTF-8"?>
<record
    xmlns:xsi="http://www.w3.org/2001/XMLSchema-instance"
    xsi:schemaLocation="http://www.loc.gov/MARC21/slim http://www.loc.gov/standards/marcxml/schema/MARC21slim.xsd"
    xmlns="http://www.loc.gov/MARC21/slim">

  <leader>01377nam2a2200289   4500</leader>
  <controlfield tag="001">rc\3029199</controlfield>
  <controlfield tag="005">20260315065020.0</controlfield>
  <datafield tag="035" ind1=" " ind2=" ">
    <subfield code="a">(NLR Aleph) 007170225</subfield>
  </datafield>
  <datafield tag="090" ind1=" " ind2=" ">
    <subfield code="a">13620628</subfield>
    <subfield code="c">13620628</subfield>
  </datafield>
  <datafield tag="100" ind1=" " ind2=" ">
    <subfield code="a">20110930d1935    u  y0rusy50      ca</subfield>
  </datafield>
  <datafield tag="101" ind1="0" ind2=" ">
    <subfield code="a">rus</subfield>
  </datafield>
  <datafield tag="102" ind1=" " ind2=" ">
    <subfield code="a">RU</subfield>
  </datafield>
  <datafield tag="105" ind1=" " ind2=" ">
    <subfield code="a">a   z   |||||</subfield>
  </datafield>
  <datafield tag="200" ind1="0" ind2=" ">
    <subfield code="a">4</subfield>
    <subfield code="h">1</subfield>
    <subfield code="i">&#x41F;&#x43E;&#x43B;&#x43E;&#x436;&#x435;&#x43D;&#x438;&#x435; &#x440;&#x430;&#x431;&#x43E;&#x442; &#x43F;&#x43E; &#x43E;&#x43F;&#x440;&#x435;&#x434;&#x435;&#x43B;&#x435;&#x43D;&#x438;&#x44E; &#x437;&#x430;&#x431;&#x43E;&#x439;&#x43D;&#x44B;&#x445; &#x434;&#x430;&#x432;&#x43B;&#x435;&#x43D;&#x438;&#x439;</subfield>
    <subfield code="f">&#x413;&#x435;&#x440;&#x43E;&#x43B;&#x44C;&#x434;, &#x421;.</subfield>
    <subfield code="h">2</subfield>
    <subfield code="i">&#x42D;&#x444;&#x444;&#x435;&#x43A;&#x442;&#x438;&#x432;&#x43D;&#x43E;&#x441;&#x442;&#x44C; &#x444;&#x43E;&#x43D;&#x442;&#x430;&#x43D;&#x438;&#x440;&#x443;&#x44E;&#x449;&#x438;&#x445; &#x441;&#x43A;&#x432;&#x430;&#x436;&#x438;&#x43D;</subfield>
    <subfield code="f">&#x41C;&#x435;&#x439;, &#x421;.</subfield>
  </datafield>
  <datafield tag="210" ind1=" " ind2=" ">
    <subfield code="d">1935</subfield>
  </datafield>
  <datafield tag="215" ind1=" " ind2=" ">
    <subfield code="a">26 &#x441;.</subfield>
    <subfield code="c">&#x447;&#x435;&#x440;&#x442;., &#x433;&#x440;&#x430;&#x444;.</subfield>
  </datafield>
  <datafield tag="225" ind1="1" ind2=" ">
    <subfield code="a">&#x418;&#x43D;&#x43E;&#x441;&#x442;&#x440;&#x430;&#x43D;&#x43D;&#x430;&#x44F; &#x43D;&#x435;&#x444;&#x442;&#x44F;&#x43D;&#x430;&#x44F; &#x442;&#x435;&#x445;&#x43D;&#x438;&#x43A;&#x430;</subfield>
    <subfield code="f">&#x426;&#x435;&#x43D;&#x442;&#x440;. &#x431;&#x44E;&#x440;&#x43E; &#x43D;&#x435;&#x444;&#x442;&#x44F;&#x43D;&#x43E;&#x439; &#x442;&#x435;&#x445;&#x43D;. &#x438;&#x43D;&#x444;&#x43E;&#x440;&#x43C;&#x430;&#x446;&#x438;&#x438; &#x412;&#x41D;&#x422;&#x421; (&#x426;&#x411;&#x41D;&#x422;&#x418;)</subfield>
    <subfield code="v">&#x412;&#x44B;&#x43F;. 286</subfield>
  </datafield>
  <datafield tag="300" ind1=" " ind2=" ">
    <subfield code="a">&#x41D;&#x430;&#x441;&#x442;&#x43E;&#x44F;&#x449;&#x438;&#x439; &#x432;&#x44B;&#x43F;&#x443;&#x441;&#x43A; &#x432;&#x445;&#x43E;&#x434;&#x438;&#x442; &#x432; "&#x411;&#x438;&#x431;&#x43B;&#x438;&#x43E;&#x442;&#x435;&#x447;&#x43A;&#x443; &#x442;&#x435;&#x445;&#x43D;&#x438;&#x447;&#x435;&#x441;&#x43A;&#x438;&#x445; &#x43F;&#x435;&#x440;&#x435;&#x432;&#x43E;&#x434;&#x43E;&#x432;" &#x43F;&#x43E; &#x432;&#x43E;&#x43F;&#x440;&#x43E;&#x441;&#x430;&#x43C; &#x44D;&#x43A;&#x441;&#x43F;&#x43B;&#x43E;&#x430;&#x442;&#x430;&#x446;&#x438;&#x438; &#x43D;&#x435;&#x444;&#x442;&#x438; &#x2116; 10</subfield>
  </datafield>
  <datafield tag="320" ind1=" " ind2=" ">
    <subfield code="a">&#x411;&#x438;&#x431;&#x43B;&#x438;&#x43E;&#x433;&#x440;.: &#x441;. 9</subfield>
  </datafield>
  <datafield tag="461" ind1=" " ind2="0">
    <subfield code="1">001rc\3029198</subfield>
    <subfield code="1">2001#$a&#x41F;&#x440;&#x43E;&#x431;&#x43B;&#x435;&#x43C;&#x44B; &#x44D;&#x43A;&#x441;&#x43F;&#x43B;&#x43E;&#x430;&#x442;&#x430;&#x446;&#x438;&#x438;$eIV-$v4</subfield>
    <subfield code="9">7338387</subfield>
    <subfield code="c">&#x411;&#x430;&#x43A;&#x443;</subfield>
    <subfield code="d">1935</subfield>
    <subfield code="n">&#x41E;&#x41D;&#x422;&#x418;, &#x410;&#x437;&#x43D;&#x435;&#x444;&#x442;&#x435;&#x438;&#x437;&#x434;&#x430;&#x442;</subfield>
    <subfield code="o">IV-</subfield>
    <subfield code="t">&#x41F;&#x440;&#x43E;&#x431;&#x43B;&#x435;&#x43C;&#x44B; &#x44D;&#x43A;&#x441;&#x43F;&#x43B;&#x43E;&#x430;&#x442;&#x430;&#x446;&#x438;&#x438;</subfield>
    <subfield code="v">4</subfield>
  </datafield>
  <datafield tag="700" ind1=" " ind2="1">
    <subfield code="a">&#x413;&#x435;&#x440;&#x43E;&#x43B;&#x44C;&#x434;</subfield>
    <subfield code="b">&#x421;.</subfield>
  </datafield>
  <datafield tag="701" ind1=" " ind2="1">
    <subfield code="a">&#x41C;&#x435;&#x439;</subfield>
    <subfield code="b">&#x421;.</subfield>
  </datafield>
  <datafield tag="801" ind1=" " ind2="0">
    <subfield code="a">RU</subfield>
    <subfield code="b">NLR</subfield>
    <subfield code="g">psbo</subfield>
  </datafield>
  <datafield tag="801" ind1=" " ind2="1">
    <subfield code="a">RU</subfield>
    <subfield code="b">ELAR</subfield>
    <subfield code="2">rusmarc</subfield>
  </datafield>
  <datafield tag="852" ind1=" " ind2=" ">
    <subfield code="a">NLR</subfield>
    <subfield code="j">35-17/387</subfield>
  </datafield>
  <datafield tag="942" ind1=" " ind2=" ">
    <subfield code="c">UNSPEC</subfield>
  </datafield>
  <datafield tag="980" ind1=" " ind2=" ">
    <subfield code="a">NB</subfield>
  </datafield>
</record>
